000 00824cab a22002295a 4500
001 L159214
008 150113e2013 xxk 000 0 eng d
035 _a(Sirsi) u159214
041 0 _aeng
050 _a333.3307 $2 18
100 1 _aCraig, Ewan
245 0 0 _aFilling the gap
_h[electronic resource]
260 _c2013
490 _aRICS Building Surveying Journal
_vMay - June 2013, 26(1)
520 _aDiscusses what to do, when you receive your APC result, with Jon Lever, the RICS UK Licensed Assessor Trainer and an APC coach.
650 2 4 _aAPC
_96216
651 4 _aUnited Kingdom
_y
690 _aAPC
_96216
690 _aBuilding surveying
_96225
856 4 0 _uhttps://www.rics.org/Global/Building%20Surveying%20Journal%20May-June%202013.pdf
_zView the article free of charge at www.rics.org...
942 _n0
999 _c84835
_d84835